00412 a2200121 4500001001000000005001700010008004100027245008600068100002900154700002000183700002000203773006700223ART_1104920260410161732.0260409a 10aEnfoques y herramientas para el control de la gestión financiera (conclusión)1 aChapto, Alejandro Miguel1 aFerreira, Eitel1 aFonseca, Walter0 tEjecutivos de finanzasg- Año 5, Nº 36 (abr. 1987)wREV2863